书目信息 |
| 题名: |
电磁场理论与微波工程基础
|
|
| 作者: | 陈抗生 编著 | |
| 分册: | ||
| 出版信息: | 杭州 浙江大学出版社 2009.10 |
|
| 页数: | 505页 | |
| 开本: | 26cm | |
| 丛书名: | ||
| 单 册: | ||
| 中图分类: | O441.4 , TN015 | |
| 科图分类: | ||
| 主题词: | 电磁场--dian ci chang--理论--高等学校--教材 , 微波技术--wei bo ji shu--高等学校--教材 | |
| 电子资源: | ||
| ISBN: | 978-7-308-07036-2 | |
| 000 | 01046nam0 2200277 450 | |
| 001 | 012009024401 | |
| 005 | 20091230153503.18 | |
| 010 | @a978-7-308-07036-2@dCNY48.00 | |
| 100 | @a20091230d2009 em y0chiy0120 ea | |
| 101 | 0 | @achi |
| 102 | @aCN@b330000 | |
| 105 | @aa a 000yy | |
| 106 | @ar | |
| 200 | 1 | @a电磁场理论与微波工程基础@Adian ci chang li lun yu wei bo gong cheng ji chu@f陈抗生编著@Fchen kang sheng bian zhu |
| 210 | @a杭州@c浙江大学出版社@d2009.10 | |
| 215 | @a505页@c图@d26cm | |
| 300 | @a普通高等教育“十一五”国家级规划教材 | |
| 320 | @a有书目 (第504-505页) | |
| 330 | @a本书将电磁场与电磁波以及微波工程两门课涵盖的内容联系在一起,使理论与应用更好地结合。全书共10章,内容包括了:传输线基本理论与圆图,平面波及其在介质交界面的反射与折射等。 | |
| 606 | 0 | @a电磁场@Adian ci chang@x理论@x高等学校@j教材 |
| 606 | 0 | @a微波技术@Awei bo ji shu@x高等学校@j教材 |
| 690 | @aO441.4@v4 | |
| 690 | @aTN015@v4 | |
| 701 | 0 | @a陈抗生@Achen kang sheng@4编著 |
| 801 | 0 | @aCN@bQSSK@c20091230 |
| 905 | @b769376-78@dO441.4@eC486@f3 | |
| 电磁场理论与微波工程基础/陈抗生编著.-杭州:浙江大学出版社,2009.10 |
| 505页:图;26cm |
| 普通高等教育“十一五”国家级规划教材 |
| ISBN 978-7-308-07036-2:CNY48.00 |
| 本书将电磁场与电磁波以及微波工程两门课涵盖的内容联系在一起,使理论与应用更好地结合。全书共10章,内容包括了:传输线基本理论与圆图,平面波及其在介质交界面的反射与折射等。 |
| ● |
| 相关链接 |
|
|
|
正题名:电磁场理论与微波工程基础
索取号:O441.4/C486
 
预约/预借
| 序号 | 登录号 | 条形码 | 馆藏地/架位号 | 状态 | 备注 |
| 1 | 769376 | 207693762 | 自科库401/401自科库 58排5列1层/ [索取号:O441.4/C486] | 在馆 | |
| 2 | 769377 | 207693771 | 自科库401/401自科库 58排5列1层/ [索取号:O441.4/C486] | 在馆 | |
| 3 | 769378 | 207693780 | 自科库401/401自科库 58排5列1层/ [索取号:O441.4/C486] | 在馆 |